Conviřtase de JEFE a LÍDER Gua̕ prc̀tica para dejar de ser un simple jefe /

Detalles Bibliográficos
Autor principal: Martn̕ez Bermd︢ez, Rigoberto
Formato: eBook
Lenguaje:español
Publicado: Bogot:̀ Ediciones de la U, 2020
Materias:
Acceso en línea:Acceso restringido

MARC

LEADER 00000nam a22000007a 4500
005 20210517214452.0
007 cr|||| ||||
008 210517s2020 co |||||s|||| 00||0 spa d
020 |a 978-958-792-204-2 
035 |a 33347 
040 |a vLex 
090 |c 11699  |d 11699 
100 1 |a Martn̕ez Bermd︢ez, Rigoberto 
245 1 0 |a Conviřtase de JEFE a LÍDER  |h [Recurso electrn̤ico] :  |b Gua̕ prc̀tica para dejar de ser un simple jefe /  |c Rigoberto Martn̕ez Bermd︢ez 
256 |a Servicio en ln̕ea 
260 |a Bogot:̀  |b Ediciones de la U,  |c 2020 
300 |a 1 recurso electrn̤ico 
500 |a Algunas personas manifiestan su abierto desinterš por ser jefes; deciden, entonces, asumir el papel de subordinado durante su vida laboral; exhiben argumentos como: problemas adicionales e innecesarios, hacer informes, lidiar con personas difc̕iles, ms̀ trabajo, descuidar la familia, nuevos problemas de salud, entre otros. Tal vez en algn︢ momento, cambian de opinin̤ y reorientan la vida hacia un logro fascinante: ser jefes con todas las de la ley.Otras, por el contrario, no solo sueąn con ser jefes, sino que hacen todo lo posible por lograrlo, pensando en lo que significa dirigir personas, ascender en la escala jerr̀quica, ser reconocidos como ld̕eres. En su proyecto de vida, es clara la visin̤ de la jefatura con sus alcances y responsabilidades; se preparan y buscan con insistencia su crecimiento personal, profesional y como jefe.Para unos y otros, elaboro el presente texto, con dos objetivos: i) Motivar a los indecisos y apoyarlos en el arte de ser jefe, y ii) Fortalecer el desempeǫ de aquellos que son jefes. Ambos props̤itos para virar de la idea del simple jefe hacia el de Jefe Ld̕er. 
506 1 |a Disponible solo en los productos indicados  |d vLex Global  |d vLex Global (Academic Edition, excluding Law Schools)  |d vLex Global (U.S. Academic Edition, Law Schools)  |d vLex Global (U.S. Academic Edition, excluding Law Schools)  |d vLex Global (Academic Edition, Law Schools) 
650 0 4 |a Formacin̤  |z Colombia 
740 0 |a vLex Libros (Servicio en ln̕ea) 
856 4 0 |u https://vlex.com/source/conviertase-de-jefe-a-lider-guia-practica-para-dejar-de-ser-un-simple-jefe-33347  |z Acceso restringido 
942 |c BOOK 
999 0 |a Training